|
|
|
|
| LEADER |
00000nam a2200000Ii 4500 |
| 001 |
DIGHERDER0006 |
| 003 |
NyNyDIG |
| 007 |
cr ||||||||||| |
| 008 |
220408s1979 sp ob 001 0 spa d |
| 006 |
m o d |
| 035 |
|
|
|a (OCoLC)912308115
|
| 040 |
|
|
|a DGITA
|b eng
|e rda
|e pn
|c DGITA
|
| 020 |
|
|
|a 9788425427763
|q eBook
|q ePub
|
| 020 |
|
|
|z 9788425410826
|
| 041 |
1 |
|
|a spa
|h ger
|
| 050 |
1 |
4 |
|a P90 ebook
|
| 100 |
1 |
|
|a Watzlawick, Paul,
|d 1921-2007,
|e author.
|
| 240 |
1 |
0 |
|a Wie wirklich ist die Wirklichkeit?.
|l Spanish
|s (Villanueva Salas)
|
| 245 |
1 |
0 |
|a ¿Es real la realidad? :
|b confusión, desinformación, comunicación /
|c Paul Watzlawick ; traducción, Marciano Villanueva.
|
| 264 |
|
1 |
|a Barcelona :
|b Herder Editorial,
|c [1979]
|
| 300 |
|
|
|a 1 online resource.
|
| 336 |
|
|
|a text
|b txt
|2 rdacontent
|
| 337 |
|
|
|a computer
|b c
|2 rdamedia
|
| 338 |
|
|
|a online resource
|b cr
|2 rdacarrier
|
| 347 |
|
|
|a text file
|2 rdaft
|
| 347 |
|
|
|b EPUB
|
| 504 |
|
|
|a Includes bibliographical references and index.
|
| 588 |
0 |
|
|a Online resource; title from ePub title page (Digitalia, viewed April 08, 2022)
|
| 650 |
|
0 |
|a Communication
|x Philosophy.
|
| 650 |
|
0 |
|a Reality.
|
| 655 |
|
0 |
|a Electronic books.
|
| 700 |
1 |
|
|a Villanueva Salas, Marciano,
|e translator.
|
| 700 |
1 |
|
|i Translation of:
|a Watzlawick, Paul,
|d 1921-2007.
|t Wie wirklich ist die Wirklichkeit?.
|
| 791 |
2 |
|
|a Digitalia (Firm),
|e distributor.
|
| 793 |
0 |
|
|g Digitalia eBook Collection:
|a Herder Editorial
|
| 776 |
0 |
8 |
|i Print version:
|a Watzlawick, Paul, 1921-2007.
|s Wie wirklich ist die Wirklichkeit?. Spanish (Villanueva Salas).
|t ¿Es real la realidad?.
|d Barcelona : Herder Editorial, [1979]
|z 9788425410826
|
| 856 |
4 |
0 |
|3 Digitalia Hispánica
|u https://www.digitaliapublishing.com/a/60837/
|
| 910 |
|
|
|a Premium collection: 2022
|